Podium du trophée Yachine depuis 2019 - Statistiques

Statistiques générales
  • Ce quiz a été pris 227 fois
    54 depuis la dernière actualisation
  • Le résultat moyen est 10 sur 15
Statistiques - réponses
Hint Réponse % Correct
2022 1er Thibaut Courtois
92%
2019 1er Alisson Becker
88%
2ème Alisson Becker
88%
2ème Ederson
88%
3ème Ederson
88%
3ème Ederson
88%
2ème Marc Andre Ter Stegen
84%
2021 1er Gianluigi Donnarumma
71%
2023 1er Emiliano Martinez
67%
2024 1er Emiliano Martinez
67%
3ème Jan Oblak
61%
3ème Yassine Bounou
33%
2ème Edouard Mendy
31%
3ème Andriy Lunin
16%
2ème Unai Simon
14%
Aucun quiz correspondant
Distribution des résultats
% des personnes avec chaque résultat
Percentile par nombre de réponses
Votre historique - résultats
Vous n’avez pas pris ce quiz depuis la dernière actualisation